000 00461nam a2200169Ia 4500
008 090711s9999 xx 000 0 und d
082 _b66447
100 _aबांदोडकर व. पु.
245 _aइस्टेट
260 _c1991
300 _a188
600 _aबांदोडकर व. पु.
630 _aइस्टेट
700 _aबांदोडकर व. पु.
730 _aइस्टेट
942 _cBOOK
999 _c300919
_d300919